LEADER 01595cam0-22004571i-450 001 990004516990403321 005 20230118162353.0 035 $a000451699 035 $aFED01000451699 035 $a(Aleph)000451699FED01 100 $a19990604g18201821km-y0itay50------ba 101 0 $alat 140 $aa---a---a----------ybb0000-- 200 1 $aC. Cornelii Taciti Opera quae exstant omnia ex recensione Ier. Iac. Oberlini. Tomus primus [-quintus] 210 $aAugustae Taurinorum$cex typis viduae Pomba et filiorum$d1820-1821 215 $a5 v.$d22 cm 225 1 $aCollectio Latinorum scriptorum cum notis 517 1 $aOpera quae exstant omnia 620 $aItalia.$dTorino 700 1$aTacitus,$bPublius Cornelius$f$05717 702 1$aOberlin,$bJeremie Jacques 719 00$aPomba$c 801 0$aIT$bUNINA$gRICA$2UNIMARC 901 $aAQ 912 $a990004516990403321 952 $aSG 870/B 18 (2)$bBibl.2496$fFLFBC 952 $aPalchetto 19(1$b796$fGM1 952 $aPalchetto 19(2$b796$fGM1 952 $aPalchetto 19(3$b796$fGM1 952 $aPalchetto 19(4$b796$fGM1 952 $aPalchetto 19(5$b796$fGM1 952 $aIV ZL Tacito C 2 (1)$b625$fFGBC 952 $aIV ZL Tacito C 2 (2)$b625$fFGBC 952 $aIV ZL Tacito C 2 (3)$b625$fFGBC 952 $aIV ZL Tacito C 2 (4)$b625$fFGBC 952 $aIV ZL Tacito C 2 (5)$b625$fFGBC 959 $aFLFBC 959 $aGM1 959 $aFGBC 996 $aC. Cornelii Taciti Opera quae exstant omnia ex recensione Ier. Iac. Oberlini. Tomus primus$91468736 997 $aUNINA LEADER 01968nam 2200457 450 001 9910765434803321 005 20211223043021.0 010 $a965-406-572-X 035 $a(CKB)3710000000871359 035 $a(MiAaPQ)EBC5968582 035 $a(MiAaPQ)EBC5968580 035 $a(EXLCZ)993710000000871359 100 $a20191209d2007 uy 0 101 0 $aeng 135 $aurcnu|||||||| 181 $ctxt$2rdacontent 182 $cc$2rdamedia 183 $acr$2rdacarrier 200 10$aExcavations at Kadesh Barnea (Tell el-Qudeirat) 1976-1982$hPart 1$iText /$fRudolph Cohen and H. Bernick-Greenberg ; with contributions by Daniella E. Bar-Yosef Mayer [and twelve others] 210 1$aJerusalem :$cIsrael Antiquities Authority,$d2007. 215 $a1 online resource (411 pages) 225 1 $aIAA reports ;$vNumber 34/1 311 $a965-406-204-6 327 $aPart 1: Text -- 330 $a"This report summarizes the Kadesh Barnea (Tell el-Qudeirat) excavations, conducted under Rudolph Cohen's directorship between 1976 and 1982, on behalf of the Israel Department of Antiquities (now the Israel Antiquities Authority). Preliminary general overviews and presentations of the main discoveries have been published in Hebrew (primarily Cohen 1976b, 1981b, 1982, 1983a, 1983b), in English (Cohen 1981a, 1983b), and in French (Cohen 1985)." 410 0$aIAA reports ;$vNumber 34/1. 606 $aExcavations (Archaeology)$zEgypt$zQudeirat, Tell el- 607 $aQudeirat, Tell el- (Egypt)$xAntiquities 607 $aSinai (Egypt)$xAntiquities 615 0$aExcavations (Archaeology) 676 $a939.48 700 $aCohen$b Rudolph$0635065 702 $aBernick-Greenberg$b H. 702 $aMayer$b Daniella Bar-Yosef 801 0$bMiAaPQ 801 1$bMiAaPQ 801 2$bMiAaPQ 906 $aBOOK 912 $a9910765434803321 996 $aExcavations at Kadesh Barnea (Tell el-Qudeirat) 1976-1982$93649632 997 $aUNINA LEADER 01476nam0 22003373i 450 001 VAN0243497 005 20220719090013.407 017 70$2N$a9783030364083 100 $a20220322d2020 |0itac50 ba 101 $aeng 102 $aCH 105 $a|||| ||||| 200 1 $aLight Metals 2020$feditor Alan Tomsett 210 $aCham$cSpringer$d2020 215 $aXXVIII, 1367 p.$cill.$d24 cm 410 1$1001VAN0123308$12001 $aˆThe ‰Minerals, Metals & Materials Series$1210 $aCham$cSpringer$d2016- 620 $aCH$dCham$3VANL001889 676 $a546.3$cMetalli, composti metallici, leghe$v22 676 $a620.11$cMateriali dell'ingegneria$v22 676 $a620.1$cScienze dei materiali$v22 676 $a661$cChimica organica applicata$v22 702 1$aTomsett$bAlan$3VANV198644 712 $aSpringer $3VANV108073$4650 801 $aIT$bSOL$c20240614$gRICA 856 4 $uhttps://rd.springer.com/book/10.1007/978-3-030-36408-3$zE-book - Accesso al full-text attraverso riconoscimento IP di Ateneo, proxy e/o Shibboleth 899 $aBIBLIOTECA DEL DIPARTIMENTO DI SCIENZE E TECNOLOGIE AMBIENTALI BIOLOGICHE E FARMACEUTICHE$1IT-CE0101$2VAN17 912 $fN 912 $aVAN0243497 950 $aBIBLIOTECA DEL DIPARTIMENTO DI SCIENZE E TECNOLOGIE AMBIENTALI BIOLOGICHE E FARMACEUTICHE$d17CONS e-book 2221 $e17BIB2221/35 35 20220322 996 $aLight Metals 2020$92513535 997 $aUNICAMPANIA